The place of corporate ownership and management in local government anti-poverty strategy in Britain (Record no. 45351)

000 -LEADER
fixed length control field 01237pab a2200181 454500
008 - FIXED-LENGTH DATA ELEMENTS--GENERAL INFORMATION
fixed length control field 180718b2000 xxu||||| |||| 00| 0 eng d
100 ## - MAIN ENTRY--PERSONAL NAME
Personal name Alcock, Pete
245 ## - TITLE STATEMENT
Title The place of corporate ownership and management in local government anti-poverty strategy in Britain
260 ## - PUBLICATION, DISTRIBUTION, ETC.
Date of publication, distribution, etc. 2000
300 ## - PHYSICAL DESCRIPTION
Extent p.65-80
362 ## - DATES OF PUBLICATION AND/OR SEQUENTIAL DESIGNATION
Dates of publication and/or sequential designation Spring
520 ## - SUMMARY, ETC.
Summary, etc. This article discusses the issues arising from the corporate ownership and management of anti-poverty activity in local authorities in Britain in the 1990s. It is based upon action research carried out in a sample of authorities as part of a project to develop and implement tools for the monitoring and evaluation of anti-poverty activity, and developed in collaboration with the Local Government Anti-Poverty Unit. Issues identified in connection with corporate management include: structural location, democratic control, political leadership, documentation of commitments, financial support, definition and measurement, and consultation and feedback. Evidence of good practice is identified and summarised. - Reproduced
650 ## - SUBJECT ADDED ENTRY--TOPICAL TERM
Topical term or geographic name entry element Poverty - Great Britain
650 ## - SUBJECT ADDED ENTRY--TOPICAL TERM
Topical term or geographic name entry element Local government - Great Britain
650 ## - SUBJECT ADDED ENTRY--TOPICAL TERM
Topical term or geographic name entry element Poverty
773 ## - HOST ITEM ENTRY
Main entry heading Local Government Studies
909 ## -
-- 45351
Holdings
Withdrawn status Lost status Damaged status Not for loan Permanent Location Current Location Date acquired Serial Enumeration / chronology Barcode Date last seen Price effective from Koha item type
        Indian Institute of Public Administration Indian Institute of Public Administration 2018-07-19 Volume no: 26, Issue no: 1 AR45773 2018-07-19 2018-07-19 Articles

Powered by Koha